000 00959nam a2200277 i 4500
003 EG-GICUC
005 20260202172929.0
008 260202s1956 us ||||fr|||| 000 0 eng d
040 _aEG-GiCUC
_beng
_cEG-GiCUC
_dEG-GiCUC
_eRda
082 0 4 _221
_a341.23
_bKH . R
092 0 4 _221
099 _aLaw1 11 341.23 KH . R 1956
100 1 _aKhrushchov, N. S
_eAuthor.
245 1 0 _aReport of the Central Committee, of the Communist Party of the Soviet Union to the 20th Party Congress /
_cN. S. Khrushchov.
264 1 _aMoscow :
_bForeign Languages Publishing House,
_c1956.
300 _a144page :
_billustration ;
_c 24 cm.
336 _2rda contenu
_a texte
337 _2rda medias
_aOrdinateur
338 _2 transporteur rda
_a Ressource en ligne
546 _aText in English
650 1 4 _aPublic international law
_2
651 1 _2
856 4 0 _uhttps://fll.law.cu.edu.eg/fulltext/bks/B11-05009.pdf
905 _a50
942 _2ddc
_cBK
_e21
_n0
999 _c60376
_d60376